000 00588nam a2200181Ia 4500
003 GCL
008 140319s9999 xx 000 0 ara d
040 _aGCL /
_cGCL
082 0 4 _a811.09
_bخ ا
100 1 _aخالد النشوقاتى
245 1 0 _aاول حياتى غرام: دراما شعرية /
_cخالد النشوقاتى
300 _a79 ص
490 _aالهيئة العامة للاستعلامات
_v0
650 0 4 _aالادب العربى
650 0 4 _aالشعر الدرامى
650 0 4 _aالشعر العربى - دواوين وقصائد
942 _2ddc
_cBK
999 _c50923
_d50923